| 000 | 00459nam a2200181 a 4500 | ||
|---|---|---|---|
| 001 | 6930 | ||
| 005 | 20180713190816.0 | ||
| 008 | 140415s1970 mx 000 0 spa d | ||
| 041 | _aspa | ||
| 082 |
_a350 _bADM |
||
| 100 | 1 | _aVELASCO, ENRIQUE | |
| 245 | 1 | 0 | _aADMINISTRACION PUBLICA Y DESARROLLO |
| 250 | _a1a ed. | ||
| 260 |
_aMEXICO : _bU.N.A.M., _c1970 |
||
| 300 | _a364 | ||
| 490 |
_a(ESTUDIOS _v14) |
||
| 650 | 1 | 4 | _aADMINISTRACION PUBLICA |
| 999 |
_c6930 _d6930 |
||